Click-n-Match: Movie Taglines Quiz Stats

 Plays Quiz Updated Jul 20, 2017

     
Support Sporcle.
Go Orange.
Score 0/30 Timer 07:00
2 Plays Today
% Correct
Wedding Crashers
90.8%
Dumb and Dumber
89.1%
Night at the Museum
87.4%
Halloween
87%
Flushed Away
86.7%
Se7en
85.2%
Chopping Mall
85%
Ice Age
85%
Twins
84.4%
Click
84.4%
Bad Teacher
82.4%
Speed
80.2%
The Truman Show
79%
Jurassic Park
78.9%
The Good, the Bad and the Ugly
78.6%
% Correct
Bride of Chucky
75.6%
Men in Black
75.4%
Monsters, Inc.
74.9%
The Blues Brothers
74.3%
Alien
73.2%
There's Something About Mary
72.6%
Animal House
71.9%
Spaceballs
70.3%
Kill Bill: Vol. 1
69.1%
Home Alone
69.1%
The 40-Year-Old Virgin
66.7%
American Pie
64.4%
Scary Movie
61.1%
WALL-E
48%
Die Hard
45.9%

From the Vault

Onomatopoeia in Real Life

by posey4prez

Did you hear something?
Remove Ads.
Support Sporcle.
Get the best of Sporcle when you Go Orange. This ad-free experience offers more features, more stats, and more fun while also helping to support Sporcle. Thank you for becoming a member.

Show Comments

Extras

Top Quizzes Today


Score Distribution

Your Account Isn't Verified!

In order to create a playlist on Sporcle, you need to verify the email address you used during registration. Go to your Sporcle Settings to finish the process.

Report this User

Report this user for behavior that violates our Community Guidelines.

Details: